Glaciar Perito Moreno /

Guardado en:
Autor Principal: Fridman, Gregorio
Formato: Deslizar
Materias:
Etiquetas: Agregar Etiqueta
Sin Etiquetas, Sea el primero en etiquetar este registro!
LEADER 00859ngm a22002655g 4500
001 CEM.cems021524
008 130507b1991##################0###0#####d
005 20240827150515.0
245 1 0 |a Glaciar Perito Moreno /  |c Gregorio Fridman. 
300 |a 40 
500 |a En soporte VHS, consultar en ventanilla. 
538 |a Soporte: VHS - Norma: Pal N - Color - Grabación Drd 1991 - Hitachi=3580. 
505 0 |a Vistas aéreas del glaciar. Informe sobre el fenómeno glaciario. 
100 1 |a Fridman, Gregorio 
082 9 1 |. 8/TER 
653 |a ARGENTINA-GEOGRAFIA 
653 |a GLACIARES 
653 |a GLACIAR PERITO MORENO 
653 |a PERITO MORENO 
653 |a GEOGRAFIA 
653 |a TURISMO 
653 |a PAISAJES 
653 |a NIVEL PRIMARIO 
653 |a NIVEL SECUNDARIO 
859 |a CEMS  |b BIB. CEMS - Depto. Recursos Didacticos  |h 918.8  |i TER  |k DRD  |p 167.12  |t Ej.1